| 000 | 00746cam a2200253 4500 | ||
|---|---|---|---|
| 001 | B2638 | ||
| 008 | 090401t1986 xxu||||| |||| 00| 0 eng d | ||
| 035 | _a(Sirsi) u51259 | ||
| 041 | _aeng | ||
| 050 | _a693.892 | ||
| 110 |
_aBrick Development Association _93278 |
||
| 245 | _aBrick cladding to steel framed buildings | ||
| 260 |
_aWindsor,Berks _bBrick Development Association _c1986 |
||
| 300 | _a2v. ; 30cm. | ||
| 350 | _a20 | ||
| 520 | _aText and drawings prepared by R.E. Bradshaw, G.Buckton S.W. Southwick of Bradshaw Buckton and Tonge . | ||
| 650 | _aBRADSHAW R E | ||
| 650 | _aBRICKWORK | ||
| 650 | _aBUCKTON G | ||
| 650 | _aSOUTHWICK S W | ||
| 710 |
_aBritish Steel Corporation _91616 |
||
| 942 | _n0 | ||
| 948 | _c04/03/1997 | ||
| 999 |
_c92849 _d92849 |
||